Расчет ширины спектральной линии прямого экситона в Ge под давлением; Семнадцатая Всероссийская научная конференция студентов-физиков и молодых ученых (ВНКСФ - 17)

Dades bibliogràfiques
Parent link:Семнадцатая Всероссийская научная конференция студентов-физиков и молодых ученых (ВНКСФ - 17).— 2011.— [C.196-197]
Autor principal: Обухов С. В. Сергей Владимирович
Altres autors: Тютерев В. Г. Валерий Григорьевич
Sumari:Заглавие с экрана
Idioma:rus
Publicat: 2011
Matèries:
Accés en línia:http://asf.ural.ru/VNKSF/Tezis/v17/VNKSF-17-03.pdf#page=28
Format: Electrònic Capítol de llibre
KOHA link:https://koha.lib.tpu.ru/cgi-bin/koha/opac-detail.pl?biblionumber=640257

MARC

LEADER 00000naa0a2200000 4500
001 640257
005 20250601160724.0
035 |a (RuTPU)RU\TPU\network\4803 
090 |a 640257 
100 |a 20150414d2011 k||y0rusy50 ca 
101 0 |a rus 
102 |a RU 
135 |a drcn ---uucaa 
181 0 |a i  
182 0 |a b 
200 1 |a Расчет ширины спектральной линии прямого экситона в Ge под давлением  |f С. В. Обухов, В. Г. Тютерев 
203 |a Текст  |c электронный 
300 |a Заглавие с экрана 
320 |a [Библиогр.: с. 197 (4 назв.)] 
463 |t Семнадцатая Всероссийская научная конференция студентов-физиков и молодых ученых (ВНКСФ - 17)  |o материалы конференции, тезисы докладов, 25 марта - 1 апреля 2011 г., Екатеринбург  |f Ассоциация студентов-физиков и молодых ученых России (АСФ России)  |v [C.196-197]  |d 2011 
610 1 |a электронный ресурс 
610 1 |a труды учёных ТПУ 
700 1 |a Обухов  |b С. В.  |c физик  |c доцент Томского политехнического университета, кандидат физико-математических наук  |f 1984-  |g Сергей Владимирович  |3 (RuTPU)RU\TPU\pers\34192  |9 17726 
701 1 |a Тютерев  |b В. Г.  |g Валерий Григорьевич 
801 2 |a RU  |b 63413507  |c 20150414  |g RCR 
850 |a 63413507 
856 4 |u http://asf.ural.ru/VNKSF/Tezis/v17/VNKSF-17-03.pdf#page=28 
942 |c CF